| 000 | 00792nam a2200241Ia 4500 | ||
|---|---|---|---|
| 003 | OSt | ||
| 005 | 20220926030648.0 | ||
| 006 | a|||||r|||| 00| 0 | ||
| 007 | ta | ||
| 008 | 220923b |||||||| |||| 00| 0 eng d | ||
| 037 | _cGeneral Book | ||
| 040 |
_aRTL _cRTL _beng |
||
| 041 |
_2eng _aeng |
||
| 082 | _aV2,k,E.L20<--K30, M5/TD1;1/TD3 | ||
| 100 | _aPrakash Om | ||
| 245 | 0 | _aDutch East India Company and the economy of Bengal, 1630-1720 | |
| 260 |
_aPrinceton _bPrinceton University Press _c1985 |
||
| 300 |
_axii, 291p. _ccm. |
||
| 500 | _aBibliography: p 271-82; Appendix: p 262-66; Glossary: p 267-70 | ||
| 650 |
_aEast India Comapny _9233888 |
||
| 942 |
_hV2,k,E.L20<--K30, M5/TD1;1/TD3 _cGB _2CC |
||
| 999 |
_c650454 _d650454 |
||